| 000 | 01055nam a22002895a 4500 | ||
|---|---|---|---|
| 003 | OSt | ||
| 005 | 20180426111300.0 | ||
| 008 | 180426s1997 ua a frb 000 0 ara d | ||
| 017 | _a97 / 5360 | ||
| 020 | _a97754711 | ||
| 040 |
_aEG-ScBUE _bara _cEG-ScBUE |
||
| 043 | _ama----- | ||
| 082 | 0 | 4 |
_a320.01409174927 _bع ز ت _222 |
| 100 | 1 | _aعزت، عزة علي. | |
| 245 | 1 | 0 |
_aصورة العرب في الغرب : _bملامحها وأساليب تغييرها / _cعزة علي عزت. |
| 250 | _aط. 1. | ||
| 260 |
_a[القاهرة] : _bمصر العربية للنشر والتوزيع، _c1997. |
||
| 300 |
_a419 ص. : _bإيض. ؛ _c22 سم. |
||
| 504 | _aيشتمل على إرجاعات ببليوجرافية. | ||
| 541 |
_aأ. محمد فريد خميس ؛ _cإهداء ؛ |
||
| 650 | 7 |
_aالراي العام _zالبلاد العربية. _2BUEsh |
|
| 650 | 7 |
_aالإعلام الغربي. _2BUEsh |
|
| 650 | 7 |
_aالدعاية السياسية. _2BUEsh |
|
| 651 | _2BUEsh | ||
| 653 |
_bBUSBOL _bGGEN _cApril2018 |
||
| 942 | _2ddc | ||
| 999 |
_c26596 _d26568 |
||